| 000 | 00341nam a2200133Ia 4500 | ||
|---|---|---|---|
| 005 | 20260328101443.0 | ||
| 008 | 260328s9999||||xx |||||||||||||| ||und|| | ||
| 100 | _aCastillo, Carlos | ||
| 245 | 0 |
_aVida Urbana y Urbanismo / _cCarlos Castillo |
|
| 260 | _bBiblioteca Básica Colombiana | ||
| 300 | _a542 p. | ||
| 650 | _aURBANISMO | ||
| 942 | _cBK | ||
| 999 |
_c8338 _d8338 |
||